<?xml version="1.0" encoding="UTF-8"?>
<marc:record xmlns:marc="http://www.loc.gov/MARC21/slim">
   <marc:leader>00000nam a2200000 a 4500</marc:leader>
   <marc:datafield ind1="1" ind2=" " tag="100">
      <marc:subfield code="a">Hill, Martina</marc:subfield>
   </marc:datafield>
   <marc:datafield ind1="0" ind2="0" tag="245">
      <marc:subfield code="a">Knallerfrauen [Bildtonträger]</marc:subfield>
   </marc:datafield>
   <marc:datafield ind1="0" ind2="0" tag="245">
      <marc:subfield code="c">Darsteller: Martina Hill</marc:subfield>
   </marc:datafield>
   <marc:datafield ind1=" " ind2="1" tag="264">
      <marc:subfield code="b">Sony Music Entertainment Germany GmbH.</marc:subfield>
      <marc:subfield code="c">2012</marc:subfield>
   </marc:datafield>
   <marc:datafield ind1="1" ind2=" " tag="520">
      <marc:subfield code="a">So hemmungslos haben Sie Martina Hill ("Switch reloaded", "heute Show") noch nie gesehen! In acht Folgen ihrer neuen und bereits jetzt erfolgreichen Sketchcomedy schlüpft die sechsfache Gewinnerin des Deutschen Comedypreises in die Rolle von 106 "Knallerfrauen". `Spiegel-Online` lobte bereits im Vorfeld: "Sie ist derzeit die lustigste Frau im deutschen Fernsehen, und mit `Knallerfrauen` bekommt Martina Hill endlich ihre eigene Show." Die Sony Music Spassgesellschaft! veröffentlicht nun "Knallerfrauen" am 16.03.2012 auf DVD. Mit über 200 verschiedenen Sketchen macht "Knallerfrauen" richtig Tempo. Über 40 Locations sorgen für eine realistische Darstellung der vielzähligen Alltagswelten. Ohne vorhersehbare Pointen punkten die Sketche oft vollkommen ohne Text, und beeindrucken durch die Gestik und Mimik des schönen Comedy-Stars. Als Wonder Woman entblößt sie ihre Brüste. Im Supermarkt übt sie mit einer Honigmelone Kugelstoßen. Oder beendet den harten Kampf mit einem Spannbetttuch, indem sie es festnagelt. Die `Welt` schrieb über Martina Hill denn auch folgerichtig: "Neben ihr ist Sharon Stone geradezu verklemmt."</marc:subfield>
   </marc:datafield>
   <marc:datafield ind1=" " ind2=" " tag="500">
      <marc:subfield code="a">Deutsch. FSK ab 12 Jahren</marc:subfield>
   </marc:datafield>
   <marc:datafield ind1="0" ind2=" " tag="490">
      <marc:subfield code="v">0</marc:subfield>
   </marc:datafield>
   <marc:datafield ind1=" " ind2=" " tag="300">
      <marc:subfield code="a">2 DVDs  (185 Min., Ländercode 2): farbig</marc:subfield>
   </marc:datafield>
</marc:record>
